000 002740000a22000970004500
100 1 _aGómez Gil, Orlando.
245 1 0 _aFederico Guillrmo Nietzsche, filósofo controversial
300 _aVol. 9, Núm 46 (1997), Páginas 16-17
773 0 _tImpacto Presbiteriano
942 _cANA
999 _c51038
_d51038